Fundamentals of digital logic with VHDL design / (Record no. 209)

MARC details
000 -LEADER
fixed length control field 00680cam a22002052 4500
001 - CONTROL NUMBER
control field 0000000353
005 - DATE AND TIME OF LATEST TRANSACTION
control field 20151021151047.0
008 - FIXED-LENGTH DATA ELEMENTS--GENERAL INFORMATION
fixed length control field 070123s xx 000 0 eng d
020 ## - INTERNATIONAL STANDARD BOOK NUMBER
International Standard Book Number 0070125910 :
Terms of availability KES 1,800
040 ## - CATALOGING SOURCE
Original cataloging agency KABU
Transcribing agency KABU
050 #0 - LIBRARY OF CONGRESS CALL NUMBER
Classification number TK7888.4
Item number .B76
100 1# - MAIN ENTRY--PERSONAL NAME
Personal name Brown, Stephen.
-- 0000170452
245 10 - TITLE STATEMENT
Title Fundamentals of digital logic with VHDL design /
Statement of responsibility, etc. Stephen Brown and Zvonko Vranesic.
260 ## - PUBLICATION, DISTRIBUTION, ETC. (IMPRINT)
Place of publication, distribution, etc. New Delhi :
Name of publisher, distributor, etc. Tata McGraw-Hill,
Date of publication, distribution, etc. 2000.
300 ## - PHYSICAL DESCRIPTION
Extent xx, 840 p.
650 #0 - SUBJECT ADDED ENTRY--TOPICAL TERM
Topical term or geographic name as entry element Logic Circuits
General subdivision design and construction
-- data processing.
-- 0000148508
908 ## - PUT COMMAND PARAMETER (RLIN)
Put command parameter 070123
950 ## - LOCAL HOLDINGS (RLIN)
-- 1
Holdings
Withdrawn status Lost status Source of classification or shelving scheme Not for loan Home library Current library Date acquired Total Checkouts Full call number Barcode Date last seen Price effective from Koha item type
    Library of Congress Classification   Kabarak, Nakuru City Campus Kabarak, Nakuru City Campus 21/10/2015   TK788.4 .B76 005721 21/10/2015 21/10/2015 General Collection
Designed with assistance from East African Informatics Ltd